=LDR 00000nam 2200000 4500 =001 INLIS000000000039892 =005 20150313111004.0 =006 =007 =008 Ind =035 ##$$0010-061300000039892 =041 ##$$a Ind =082 ##$$a 771.3 =090 ##$$a 771.3, Ain f.4 =100 ##$$a Aini,Hidayatul =245 ##$$a Fotografi Digital Dengan DSLR, Hidayatul Aini =260 ##$$a 2011 $b Jakarta =300 ##$$a 111 hlm, ilus, 20 cm =850 ##$$a NBPNMAT =990 ##$$a 1087710877 =990 ##$$a 21104914 =990 ##$$a 21104915 =990 ##$$a 0001/BPAP-NTB/20142015 =990 ##$$a 01201710877